Central Library OPAC University of Rajshahi

The mathematical theory of plasticity / (Record no. 16804)

MARC details
000 -LEADER
fixed length control field 00780nam a22002651 4500
001 - CONTROL NUMBER
control field 16804
003 - CONTROL NUMBER IDENTIFIER
rucl marc code BD-RjUL
005 - DATE AND TIME OF LATEST TRANSACTION
control field 20211209000043.0
008 - FIXED-LENGTH DATA ELEMENTS--GENERAL INFORMATION
fixed length control field 140215s1956 enka 001 0 eng d
035 ## - SYSTEM CONTROL NUMBER
System control number (BD-RjUL)16859
040 ## - CATALOGING SOURCE
Original cataloging agency DLC/ICU
Transcribing agency ICU
Modifying agency DLC
-- BD-RjUL
Language of cataloging eng
041 ## - LANGUAGE CODE
Language code of text/sound track or separate title eng
082 00 - DEWEY DECIMAL CLASSIFICATION NUMBER
Classification number 620.1123
Author mark and year HIM 1956
100 1# - MAIN ENTRY--PERSONAL NAME
Personal name Hill, Rodney,
Dates associated with a name 1921-
9 (RLIN) 51894
245 14 - TITLE STATEMENT
Title The mathematical theory of plasticity /
Statement of responsibility, etc. Rodney, Hill
260 ## - PUBLICATION, DISTRIBUTION, ETC. (IMPRINT)
Place of publication, distribution, etc. Oxford :
Name of publisher, distributor, etc. Clarendon Press,
Date of publication, distribution, etc. 1956.
300 ## - PHYSICAL DESCRIPTION
Pagination ix, 356 p. :
Illustrations diagrs. ;
Size 25 cm.
490 1# - SERIES STATEMENT
Series statement The Oxford engineering science series
504 ## - BIBLIOGRAPHY, ETC. NOTE
Bibliography, etc Includes Index
650 #0 - SUBJECT ADDED ENTRY--TOPICAL TERM
Topical term or geographic name as entry element Plasticity.
9 (RLIN) 27076
830 #0 - SERIES ADDED ENTRY--UNIFORM TITLE
Uniform title Oxford engineering science series.
942 ## - ADDED ENTRY ELEMENTS (KOHA)
Source of classification or shelving scheme Dewey Decimal Classification
Koha item type Books
Holdings
Lost status Source of classification or shelving scheme Damaged status Not for loan Collection code Permanent Location Current Location Shelving location Date acquired Source of acquisition Cost, normal purchase price Total Checkouts Full call number Date last seen Copy number Koha item type
  Dewey Decimal Classification   Not For Loan Non-fiction Central Library, University of Rajshahi Central Library, University of Rajshahi Reading Room 06/11/1957 Oxford university Press 34.20   620.1123 HIM 1956 15/02/2014 C-1 Books